00397pab a2200145 454500008004000000100002300040245008300063260000900146300001200155362001200167650001400179650002300193650001500216773002000231180718b2000 xxu||||| |||| 00| 0 eng d aKabra, Kamal Nayan aThe political economy of federalism in India: elements of an emerging approach c2000 ap.35-53 aApr-Jun aEconomics aFederalism - India aFederalism aIASSI Quarterly